Handbook of Preventive and Social Medicine (Record no. 8569)

MARC details
000 -LEADER
fixed length control field 01359nam a2200181 4500
020 ## - INTERNATIONAL STANDARD BOOK NUMBER
ISBN 9789387085787
050 ## - CALL NUMBER
Classification number RA427.8
Item number .H19
100 ## - AUTHOR
Personal name Bedi, Yash Pal
245 ## - TITLE
Title Handbook of Preventive and Social Medicine
Statement of responsibility, etc Edited by Sharma Pragya
250 ## - EDITION
Edition statement 17th Edition
260 ## - PUBLICATION INFORMATION
Place of publication New Dehli, India
Name of publisher CBS Publishers & Distributors
Year of publication 2018
300 ## - DESCRIPTION
Number of Pages vii, 298
500 ## - NOTES
General note Includes sample question paper, bibliography and index
505 ## - FORMATTED CONTENTS NOTE
Table of Content Introduction<br/>1. Water<br/>2. Air and Ventilation<br/>3. Disposal of Refuse: Human and Animal Excreta<br/>4. Water Carriage System<br/>5. Disposal of Sewage<br/>6. Food and Nutrition<br/>7. Soil and Building Sites<br/>8. Climatology and Meteorology<br/>9. School Health<br/>10. Maternity and Child Welfare<br/>11. Demography and Family Planning<br/>12. Personal Hygiene<br/>13. Occupational Health and Offensive Traders<br/>14. Infectious Disease Epidemiology<br/>15. Insects and Parasites of Public Health Importance<br/>16. Epidemiology Of Communicable Diseases <br/>17. Noncommunicable Diseases <br/>18. Sanitation and Water Supply in Rural Areas<br/>19. Sanitation at Fairs and Festivals<br/>20. Health Education and Communication<br/>21. Public Health System In India<br/>22. Social Medicine<br/>23. Health Statistics<br/>24. Mental Health <br/>Sample Question Paper<br/>Bibliography<br/>Index
650 ## - SUBJECTS
Topical Term Community medicine, Public health
942 ## - ADDED ENTRY ELEMENTS (KOHA)
Koha item type Books
Holdings
Withdrawn status Lost status Collection code Home library Current library Shelving location Date acquired Source of acquisition Full call number Accession Number Koha item type
    Reference Methodist University Library Main Methodist University Library Main General Stacks 01/04/2026 Purchased RA427.8 .H19 9244 Books
    Reference Methodist University Library Main Methodist University Library Main General Stacks 01/04/2026 Purchased RA427.8 .H19 9245 Books
Copyright © 2026  MUG Library